000 00385nam a2200133Ia 4500
008 240624s9999 xx 000 0 und d
041 _aeng
082 _a658.401 LIK
100 _aLIKER JEFFREY K
245 _aTOYOTA WAY TO CONTINUOUS IMPROVEMENT
260 _c2011
_aNew Delhi
_bTata Mcgraw Hill Education Pravate Limited
300 _axxvii, : 450 : p. : cm. ; 23
365 _cRS
_b33
999 _c25445
_d25445